000 00496nam a22001817a 4500
005 20220607150625.0
008 220607b ||||| |||| 00| 0 eng d
040 _cAL
041 _aEnglish
082 _223
_a954.035
_bFISG
100 _aLouis Fischer
_940939
245 _aGandhi:His life and message for the world
260 _aNew York
_bA Mentor Book
_c1954
300 _a189 p.
_bPB
_c17x11 cm.
650 _aMahatma Gandhi
_940940
700 _aFISCHER (Louis)
_940941
942 _2ddc
_cGF
999 _c223285
_d223285